000 00937cam a22003013a 4500
001 12106
003 PGUSA
005 20140828083245.0
008 040401s2004||||xxu|||||s|||||000 1 eng d
040 _aPGUSA
_beng
042 _adc
050 4 _aPS
100 1 _aLorimer, George Horace,
_d1869-1937
245 1 0 _aOld Gorgon Graham :
_bMore Letters from a Self-Made Merchant to His Son
_h[electronic resource] /
_cGeorge Horace Lorimer
260 _bProject Gutenberg,
_c2004
506 _aPublic domain in the USA.
516 _aElectronic text
653 _aDidactic fiction
653 _aSocial ethics -- Fiction
653 _aEpistolary fiction
653 _aMen -- Conduct of life -- Fiction
653 _aChicago (Ill.) -- Fiction
653 _aFathers and sons -- Fiction
653 _aMerchants -- Fiction
830 0 _aProject Gutenberg
_v12106
856 4 0 _uhttp://www.gutenberg.org/ebooks/12106
942 _cEB
999 _c241361
_d241361